[Event "FISU World University-ch 2020"]
[Site "Online"]
[Date "2020.10.26"]
[Round "5.29"]
[White "Rosales Schulz, Robin"]
[Black "Aravena Navarro, Alexis Andres"]
[Result "1-0"]
[WhiteElo "2133"]
[BlackElo "1937"]
[Annotator "TA"]
[PlyCount "81"]
[EventDate "2020.10.26"]
[SourceTitle "playchess.com"]
[Source "ChessBase"]
[SourceQuality "1"]

1. d4 Nf6 2. c4 c5 3. d5 b5 4. cxb5 a6 5. bxa6 g6 6. Nc3 Bg7 7. e4 d6 8. Bb5+ Bd7 9. Bc4 Qa5 10. Bd2 O-O 11. Nf3 Nxa6 12. O-O Rfb8 13. b3 Ne8 14. Rc1 Nb4 15. a4 Nc7 16. h3 Ra7 17. Na2 Nca6 18. Nxb4 Nxb4 19. Bc3 Bxc3 20. Rxc3 Bc8 21. Re1 Ba6 22. Bxa6 Nxa6 23. Rce3 f6 24. Nd2 Rab7 25. Nc4 Qd8 26. f4 Nc7 27. Na5 Rb6 28. Nc6 Rxc6 29. dxc6 Qe8 30. e5 fxe5 31. fxe5 d5 32. Qf3 Qxc6 33. Rc1 Ne6 34. Rd3 Rd8 35. Rf1 Qb6 36. Qf7+ Kh8 37. Rdf3 Nd4 38. Qxe7 Nxf3+ 39. Rxf3 c4+ 40. Kh2 Rg8 41. Rf7 1-0

[Event "FISU World University-ch 2020"]
[Site "Online"]
[Date "2020.10.26"]
[Round "5.29"]
[White "Ruiz Olate, Emily Andrea"]
[Black "Chavez Pena, Gonzalo Ignacio"]
[Result "1-0"]
[WhiteElo "1866"]
[BlackElo "1787"]
[Annotator "NA RC"]
[PlyCount "67"]
[EventDate "2020.10.26"]
[SourceTitle "playchess.com"]
[Source "ChessBase"]
[SourceQuality "1"]

1. e4 c5 2. Nc3 Nc6 3. g3 g6 4. Bg2 Bg7 5. d3 e6 6. Be3 d6 7. Qd2 Nge7 8. Nge2 Rb8 9. Bh6 O-O 10. Bxg7 Kxg7 11. O-O b5 12. f4 b4 13. Nd1 d5 14. Qe3 d4 15. Qd2 Bb7 16. c3 dxc3 17. bxc3 bxc3 18. Qxc3+ Kg8 19. Nf2 Qa5 20. Qf6 h5 21. g4 Kh7 22. gxh5 gxh5 23. Nh3 Ng6 24. Ng5+ Kg8 25. Nxe6 fxe6 26. Qxg6+ Kh8 27. Qxh5+ Kg7 28. Rf3 Qd2 29. Rg3+ Kf6 30. Rg6+ Ke7 31. Qxc5+ Kd7 32. Rg7+ Ke8 33. Qd6 Qxe2 34. Qd7# 1-0

[Event "FISU World University-ch 2020"]
[Site "Online"]
[Date "2020.10.26"]
[Round "5.29"]
[White "Vasquez Vasquez, Sebastian"]
[Black "Gallardo Ramirez, Ricardo Manuel"]
[Result "1-0"]
[WhiteElo "1726"]
[BlackElo "1681"]
[Annotator "NA RC"]
[PlyCount "145"]
[EventDate "2020.10.26"]
[SourceTitle "playchess.com"]
[Source "ChessBase"]
[SourceQuality "1"]

1. e4 c5 2. Nf3 g6 3. Nc3 Bg7 4. h3 Nc6 5. Bb5 Nd4 6. Nxd4 cxd4 7. Ne2 Nf6 8. d3 Qa5+ 9. c3 Qxb5 10. Nxd4 Qb6 11. O-O O-O 12. Qe2 d6 13. Be3 Qa6 14. Qd2 Bd7 15. f4 e5 16. fxe5 dxe5 17. Nf3 Qd6 18. Rad1 Rad8 19. Bh6 Bb5 20. Qg5 Rfe8 21. Bxg7 Kxg7 22. Nh4 Bd7 23. d4 Nxe4 24. Qe3 exd4 25. Rxd4 Qc6 26. Qf4 f5 27. g4 Qf6 28. gxf5 Qg5+ 29. Qxg5 Nxg5 30. f6+ Kf7 31. Rfd1 Ne6 32. Rxd7+ Rxd7 33. Rxd7+ Kxf6 34. Rxb7 a5 35. Rxh7 Ng5 36. Ra7 Nxh3+ 37. Kg2 Nf4+ 38. Kf3 g5 39. Rxa5 Nd3 40. Rf5+ Kg7 41. Rxg5+ Kh6 42. Rb5 Ne1+ 43. Kf4 Nd3+ 44. Kf5 Rf8+ 45. Ke4 Nf2+ 46. Ke3 Ng4+ 47. Kd3 Rd8+ 48. Ke4 Nf6+ 49. Kf5 Nd5 50. a4 Ne7+ 51. Ke6 Nc6 52. Nf5+ Kh7 53. Rb7+ Kh8 54. Kf6 Na5 55. Ra7 Nc6 56. Rc7 Rf8+ 57. Rf7 Ra8 58. b3 Na5 59. b4 Nc4 60. a5 Ra6+ 61. Kg5 Ne5 62. Rb7 Nf3+ 63. Kf4 Nd2 64. Rb6 Ra7 65. Nd6 Rc7 66. Rb8+ Kh7 67. Rb7 Rxb7 68. Nxb7 Nc4 69. Ke4 Kg7 70. Kd5 Na3 71. Kc6 Nc4 72. a6 Ne5+ 73. Kc7 1-0

[Event "FISU World University-ch 2020"]
[Site "Online"]
[Date "2020.10.26"]
[Round "5.30"]
[White "Palacio, Enzo"]
[Black "Donoso Diaz, Sebastian"]
[Result "0-1"]
[WhiteElo "1896"]
[BlackElo "2192"]
[Annotator "TA"]
[PlyCount "124"]
[EventDate "2020.10.26"]
[SourceTitle "playchess.com"]
[Source "ChessBase"]
[SourceQuality "1"]

1. e4 c5 2. Nf3 e6 3. d4 cxd4 4. Nxd4 Nc6 5. Nc3 Qc7 6. Be3 a6 7. Be2 Nf6 8. O-O Be7 9. a4 b6 10. Qd2 Bb7 11. f3 O-O 12. Rfd1 Rfd8 13. Bc4 Nxd4 14. Bxd4 Qxc4 15. Bxb6 Bc5+ 16. Bxc5 Qxc5+ 17. Kh1 h6 18. a5 Bc6 19. Na4 Bxa4 20. Rxa4 Rac8 21. c3 Rb8 22. b4 Qh5 23. c4 d5 24. b5 axb5 25. cxb5 Rxb5 26. a6 Rbb8 27. a7 Ra8 28. Rb1 Qe5 29. Qa5 Nd7 30. Rb7 Qd6 31. exd5 Qxd5 32. Qxd5 exd5 33. Ra5 Nf6 34. Rab5 Kh7 35. Rxf7 d4 36. Rbb7 Ne8 37. Rfd7 Rxd7 38. Rxd7 d3 39. Kg1 d2 40. Kf2 Nf6 41. Rxd2 Rxa7 42. h4 Rd7 43. Ra2 Rd4 44. g3 Nd5 45. h5 Nc3 46. Rc2 Rd3 47. g4 Nb5 48. Kg3 Rxf3+ 49. Kxf3 Nd4+ 50. Kf4 Nxc2 51. g5 Nd4 52. gxh6 Kxh6 53. Kg4 Nb3 54. Kh4 Nd2 55. Kg4 Nf1 56. Kh4 Ne3 57. Kh3 Kxh5 58. Kg3 Nc4 59. Kh3 Na5 60. Kg3 Kg5 61. Kh3 Kf4 62. Kg2 g6 0-1

[Event "FISU World University-ch 2020"]
[Site "Online"]
[Date "2020.10.26"]
[Round "5.30"]
[White "Bernal Navarrete, Marcelo"]
[Black "Lanaro, Emilio"]
[Result "1-0"]
[WhiteElo "1851"]
[BlackElo "1657"]
[Annotator "NA RC"]
[PlyCount "105"]
[EventDate "2020.10.26"]
[SourceTitle "playchess.com"]
[Source "ChessBase"]
[SourceQuality "1"]

1. e4 c5 2. Nf3 d6 3. d4 cxd4 4. Nxd4 Nf6 5. Nc3 a6 6. Bc4 e6 7. Bb3 Be7 8. O-O O-O 9. f4 Qc7 10. f5 e5 11. Nde2 Nbd7 12. Bg5 b5 13. Bxf6 Nxf6 14. Nd5 Nxd5 15. Bxd5 Bb7 16. Bxb7 Qxb7 17. Nc3 Rac8 18. Nd5 Bd8 19. f6 Bxf6 20. Rxf6 gxf6 21. Qg4+ Kh8 22. Nxf6 Rg8 23. Qh4 Rg7 24. Nh5 Rcg8 25. Nxg7 Rxg7 26. Rd1 Qb6+ 27. Kh1 Rg6 28. h3 Kg7 29. Qe1 Qc5 30. c3 Qc4 31. a3 Qe6 32. Qf2 Qc4 33. Qe3 Qb3 34. Rd2 Qe6 35. Qb6 f5 36. Qxa6 fxe4 37. Qb7+ Kh6 38. Qxe4 Qa2 39. Rf2 Qg8 40. Qh4+ Kg7 41. Qe7+ Kh6 42. Qh4+ Kg7 43. Qb4 Qd5 44. Qa5 Qc5 45. Re2 Qc4 46. Qa7+ Kh6 47. Rf2 Qe4 48. Qf7 Qe1+ 49. Kh2 Qe4 50. Qf8+ Kh5 51. Rf5+ Rg5 52. g4+ Kg6 53. Qf6# 1-0

[Event "FISU World University-ch 2020"]
[Site "Online"]
[Date "2020.10.26"]
[Round "5.30"]
[White "Perez, Cecilia Manuela"]
[Black "Vega Llanos, Francisco Javier"]
[Result "0-1"]
[WhiteElo "1588"]
[BlackElo "1587"]
[Annotator "NA RC"]
[PlyCount "54"]
[EventDate "2020.10.26"]
[SourceTitle "playchess.com"]
[Source "ChessBase"]
[SourceQuality "1"]

1. Nf3 Nf6 2. g3 g6 3. Bg2 d6 4. O-O Bg7 5. d3 c5 6. Nbd2 O-O 7. e4 Nc6 8. Nc4 b5 9. Ne3 Bd7 10. Rb1 Rb8 11. b3 e5 12. c4 bxc4 13. dxc4 Nxe4 14. Nxe5 Nc3 15. Nxc6 Bxc6 16. Qc2 Bxg2 17. Nxg2 Nxb1 18. Qxb1 a5 19. Rd1 a4 20. Bf4 Bd4 21. Ne1 axb3 22. axb3 Qf6 23. Nf3 Be5 24. Bg5 Qxf3 25. Be7 Bd4 26. Rd2 Rfe8 27. Bxd6 Rxb3 0-1

[Event "FISU World University-ch 2020"]
[Site "Online"]
[Date "2020.10.26"]
[Round "5.31"]
[White "Ling, Jin Sheng Timothy"]
[Black "Porras Chavarria, Steve"]
[Result "1-0"]
[WhiteElo "1640"]
[BlackElo "1825"]
[Annotator "NA RC"]
[PlyCount "91"]
[EventDate "2020.10.26"]
[SourceTitle "playchess.com"]
[Source "ChessBase"]
[SourceQuality "1"]

1. Nf3 Nf6 2. g3 g6 3. Bg2 Bg7 4. O-O d6 5. c4 O-O 6. Nc3 e5 7. d3 Nbd7 8. Bg5 c6 9. Qd2 Re8 10. Bh6 Bh8 11. Ng5 Ng4 12. Nge4 Nxh6 13. Qxh6 Qe7 14. b4 Bg7 15. Qd2 h6 16. Qc2 f5 17. Nd2 Nf6 18. b5 Bd7 19. Rab1 Rab8 20. Qa4 e4 21. dxe4 Nxe4 22. Ncxe4 fxe4 23. Bxe4 Kh7 24. bxc6 Bh3 25. Bg2 Bxg2 26. Kxg2 bxc6 27. Qxc6 Rbc8 28. Qb7 Rc7 29. Qd5 Rc5 30. Qd3 Qxe2 31. Qxd6 Rcc8 32. Rfe1 Qg4 33. Rxe8 Rxe8 34. Rb7 a5 35. Qd7 Qxd7 36. Rxd7 Re2 37. Kf3 Re5 38. Rd5 Re7 39. Rxa5 Bc3 40. Rd5 Ra7 41. Rd3 Bb2 42. c5 Rxa2 43. c6 Ra8 44. c7 Rc8 45. Rd7+ Bg7 46. Ne4 1-0

[Event "FISU World University-ch 2020"]
[Site "Online"]
[Date "2020.10.26"]
[Round "5.31"]
[White "Chaves Williams, Jose Andres"]
[Black "Ng, Jun Jie"]
[Result "0-1"]
[WhiteElo "1540"]
[BlackElo "1171"]
[Annotator "NA RC"]
[PlyCount "110"]
[EventDate "2020.10.26"]
[SourceTitle "playchess.com"]
[Source "ChessBase"]
[SourceQuality "1"]

1. d4 Nf6 2. c4 g6 3. Nc3 Bg7 4. e4 d6 5. Nf3 Nbd7 6. Be2 c5 7. O-O cxd4 8. Nxd4 Nc5 9. f3 O-O 10. Be3 a6 11. a3 Ne6 12. b4 Nxd4 13. Bxd4 Be6 14. Rc1 Rc8 15. c5 dxc5 16. Bxc5 Nh5 17. Na4 Qxd1 18. Rfxd1 Bb3 19. Nb6 Bxd1 20. Nxc8 Bxe2 21. Nxe7+ Kh8 22. Nxg6+ hxg6 23. Bxf8 Bxf8 24. Rc7 Kg7 25. Rxb7 Bb5 26. Kf2 Bd6 27. g3 Be5 28. Ke3 Bb2 29. Kd2 Bxa3 30. Kc3 Bc1 31. Rb6 Be3 32. Rb7 Bg1 33. g4 Nf4 34. h4 Bf2 35. h5 gxh5 36. gxh5 Nxh5 37. Kd2 Nf4 38. Rb8 Ne6 39. Kc3 Bd4+ 40. Kb3 Kf6 41. Rh8 Ng5 42. Rd8 Be5 43. Rh8 Nxf3 44. Rd8 Nd4+ 45. Ka3 Nc2+ 46. Kb3 Nd4+ 47. Ka3 Ne2 48. Kb3 Ng3 49. Rh8 Nxe4 50. Rh6+ Kf5 51. Rh5+ Ng5 52. Kc2 f6 53. Kd2 Kg4 54. Rh6 Ne6 55. Ke3 Bf4+ 0-1

[Event "FISU World University-ch 2020"]
[Site "Online"]
[Date "2020.10.26"]
[Round "5.32"]
[White "Engaitah, Abdalsalam A."]
[Black "Mejia Varela, Fernando Alexis"]
[Result "0-1"]
[WhiteElo "1944"]
[BlackElo "1614"]
[Annotator "TA"]
[PlyCount "80"]
[EventDate "2020.10.26"]
[SourceTitle "playchess.com"]
[Source "ChessBase"]
[SourceQuality "1"]

1. e4 c5 2. Nf3 d6 3. Bc4 Nf6 4. Nc3 e6 5. d4 cxd4 6. Nxd4 a6 7. a4 Be7 8. O-O Qc7 9. Bb3 Bd7 10. Be3 Nc6 11. Qe2 Rc8 12. f4 h6 13. g4 O-O 14. g5 Nxd4 15. Bxd4 hxg5 16. fxg5 Nh7 17. h4 Bc6 18. g6 fxg6 19. Bxe6+ Kh8 20. Qg4 Rxf1+ 21. Rxf1 Rf8 22. Rxf8+ Nxf8 23. Bb3 Bf6 24. Bxf6 gxf6 25. h5 Qb6+ 26. Kf1 Kg7 27. hxg6 Nxg6 28. Qe6 Qe3 29. Qf5 Qc1+ 30. Kf2 Qxb2 31. Ne2 Ne5 32. Qe6 Bxe4 33. Qg8+ Kh6 34. Qh8+ Kg5 35. Qg7+ Bg6 36. Qxb7 Bxc2 37. Qg2+ Ng4+ 38. Kf3 Qxb3+ 39. Nc3 Qxc3+ 40. Ke2 Qe3+ 0-1

[Event "FISU World University-ch 2020"]
[Site "Online"]
[Date "2020.10.26"]
[Round "5.32"]
[White "Lovo, Nicolas"]
[Black "Alharari, Mohammed Alsouri"]
[Result "0-1"]
[WhiteElo "1756"]
[BlackElo "2018"]
[Annotator "TA"]
[PlyCount "106"]
[EventDate "2020.10.26"]
[SourceTitle "playchess.com"]
[Source "ChessBase"]
[SourceQuality "1"]

1. c4 Nf6 2. Nc3 e6 3. e4 d6 4. d4 Be7 5. Nf3 O-O 6. Be2 c5 7. O-O cxd4 8. Nxd4 Nc6 9. Be3 a6 10. Qd2 Qc7 11. f4 Nd7 12. f5 Nxd4 13. Bxd4 Bf6 14. Bxf6 Nxf6 15. Rad1 exf5 16. exf5 Qc5+ 17. Qd4 Bd7 18. Kh1 Rac8 19. Qxd6 Bxf5 20. Qxc5 Rxc5 21. b4 Re5 22. Bf3 Bg4 23. h3 Bxf3 24. Rxf3 Rfe8 25. Rfd3 h6 26. a4 Kf8 27. b5 Rc5 28. Nd5 Ne4 29. Kg1 Rxc4 30. bxa6 bxa6 31. Rd4 Rxd4 32. Rxd4 Ng3 33. Rc4 Rd8 34. Nb4 a5 35. Nc6 Rd5 36. Kf2 Nf5 37. g4 Nd6 38. Rc2 Rc5 39. Rxc5 Ne4+ 40. Ke3 Nxc5 41. Nxa5 Nxa4 42. Nc4 Ke7 43. Kd4 Kf6 44. h4 g6 45. Kd5 Nc3+ 46. Kd4 Ne2+ 47. Ke3 Nc3 48. Kd4 Nb5+ 49. Ke4 Nc7 50. Nd6 Ke7 51. Nc4 Ke6 52. Ne5 f5+ 53. gxf5+ gxf5+ 0-1

[Event "FISU World University-ch 2020"]
[Site "Online"]
[Date "2020.10.26"]
[Round "5.32"]
[White "Ramos Donaire, Maria Pradi"]
[Black "Abdulgader, Amira"]
[Result "1-0"]
[WhiteElo "1558"]
[BlackElo "1484"]
[Annotator "NA RC"]
[PlyCount "31"]
[EventDate "2020.10.26"]
[SourceTitle "playchess.com"]
[Source "ChessBase"]
[SourceQuality "1"]

1. e4 c6 2. d4 d5 3. exd5 cxd5 4. Bf4 Nc6 5. Nc3 Nf6 6. Nb5 Qa5+ 7. c3 e5 8. dxe5 Nd7 9. e6 Nde5 10. exf7+ Kxf7 11. Bxe5 Nxe5 12. Qxd5+ Be6 13. Nd6+ Ke7 14. Qxa5 Kxd6 15. Rd1+ Ke7 16. Qxe5 1-0

[Event "FISU World University-ch 2020"]
[Site "Online"]
[Date "2020.10.26"]
[Round "5.33"]
[White "Ruperez Benito, Antonio"]
[Black "Pineiro, Dario"]
[Result "1-0"]
[WhiteElo "2363"]
[BlackElo "2190"]
[Annotator "TA"]
[PlyCount "49"]
[EventDate "2020.10.26"]
[SourceTitle "playchess.com"]
[Source "ChessBase"]
[SourceQuality "1"]

1. e4 c5 2. Nf3 e6 3. b3 a6 4. Bb2 b5 5. a4 b4 6. d4 cxd4 7. Nxd4 Bb7 8. Bd3 Qc7 9. O-O Nf6 10. Qe2 d6 11. Nd2 Be7 12. f4 Nbd7 13. Rae1 Nc5 14. e5 Nxd3 15. cxd3 dxe5 16. fxe5 Nd7 17. Qg4 O-O 18. Nxe6 Qb6+ 19. Nd4 Nc5 20. Nf5 Ne6+ 21. d4 Bg5 22. Nc4 Qd8 23. Ncd6 Bc8 24. h4 h5 25. Qg3 1-0

[Event "FISU World University-ch 2020"]
[Site "Online"]
[Date "2020.10.26"]
[Round "5.33"]
[White "Ramirez, Melanie"]
[Black "Villacorta Nicolas, David"]
[Result "0-1"]
[WhiteElo "1522"]
[BlackElo "2153"]
[Annotator "TA"]
[PlyCount "101"]
[EventDate "2020.10.26"]
[SourceTitle "playchess.com"]
[Source "ChessBase"]
[SourceQuality "1"]

1. d4 Nf6 2. Bf4 g6 3. Nf3 Bg7 4. e3 d6 5. h3 O-O 6. Be2 c5 7. c3 b6 8. Nbd2 Bb7 9. O-O Nbd7 10. Rc1 Rc8 11. c4 Qc7 12. Nb3 Ne4 13. Nfd2 e5 14. Bh2 Nxd2 15. Qxd2 f5 16. d5 Nf6 17. f3 Rce8 18. g4 Bh6 19. h4 Nd7 20. g5 Bg7 21. f4 Re7 22. h5 Rfe8 23. hxg6 hxg6 24. fxe5 Bxe5 25. Bxe5 Rxe5 26. Rc3 Qd8 27. Rf2 Qe7 28. Rg2 Rxe3 29. Bd1 Rxc3 30. Qxc3 Qe1+ 31. Qxe1 Rxe1+ 32. Kh2 Rxd1 33. Nd2 Ne5 34. Kg3 b5 35. b3 bxc4 36. bxc4 Ba6 37. Nf3 Rd3 38. Rf2 Rxf3+ 39. Rxf3 Nxf3 40. Kxf3 Bxc4 41. a3 Bxd5+ 42. Ke3 Be4 43. a4 d5 44. a5 d4+ 45. Kd2 c4 46. a6 c3+ 47. Kd1 d3 48. Kc1 d2+ 49. Kd1 Bf3+ 50. Kc2 d1=Q+ 51. Kxc3 0-1

[Event "FISU World University-ch 2020"]
[Site "Online"]
[Date "2020.10.26"]
[Round "5.35"]
[White "Jayaweera, K P C D B"]
[Black "Sole, Michael D"]
[Result "1/2-1/2"]
[WhiteElo "1576"]
[BlackElo "1805"]
[Annotator "NA RC"]
[PlyCount "63"]
[EventDate "2020.10.26"]
[SourceTitle "playchess.com"]
[Source "ChessBase"]
[SourceQuality "1"]

1. d4 Nf6 2. c4 e6 3. Nc3 Bb4 4. e3 O-O 5. Bd3 d5 6. Nf3 dxc4 7. Bxc4 b6 8. O-O Bb7 9. Bd2 Nbd7 10. a3 Bd6 11. Nb5 a6 12. Nxd6 cxd6 13. Qe2 Ne4 14. Rac1 b5 15. Bd3 Ndf6 16. Rc2 Qb6 17. Rfc1 Rac8 18. Qe1 Qa7 19. Rxc8 Rxc8 20. Rxc8+ Bxc8 21. Qc1 Qb8 22. Bb4 Bb7 23. Qc2 Qc8 24. Qxc8+ Bxc8 25. Nd2 Nxd2 26. Bxd2 Bb7 27. Bb4 d5 28. Kf1 Nd7 29. Ke2 f6 30. Kd2 e5 31. dxe5 fxe5 32. Bf5 1/2-1/2

[Event "FISU World University-ch 2020"]
[Site "Online"]
[Date "2020.10.26"]
[Round "5.37"]
[White "Ketipearachchi, Dilanka Hideo"]
[Black "Alrehaili, Ahmed Abdullah S"]
[Result "1-0"]
[WhiteElo "1510"]
[BlackElo "1980"]
[Annotator "TA"]
[PlyCount "131"]
[EventDate "2020.10.26"]
[SourceTitle "playchess.com"]
[Source "ChessBase"]
[SourceQuality "1"]

1. d4 Nf6 2. Bg5 e6 3. Nf3 Be7 4. e3 b6 5. Be2 Bb7 6. O-O O-O 7. a3 h6 8. Bh4 c5 9. c3 d6 10. dxc5 bxc5 11. b4 Nbd7 12. Bg3 Ne4 13. Qb3 a5 14. Nbd2 Ndf6 15. a4 Nxg3 16. hxg3 Qc7 17. Rac1 Nd7 18. Rfd1 Rfb8 19. b5 d5 20. c4 Nb6 21. Qc2 Rd8 22. cxd5 exd5 23. Nd4 Qd7 24. N4b3 Rdc8 25. Ra1 Bf6 26. Ra2 c4 27. Nd4 Re8 28. N2f3 g6 29. Raa1 Qd6 30. Rab1 Nd7 31. Nh4 Bg7 32. Nhf3 Nc5 33. Ne1 Ne6 34. Ndf3 Qe7 35. Bf1 Rac8 36. Rbc1 Nc5 37. Qa2 Nb3 38. Rb1 Rcd8 39. Nc2 Bc8 40. Ncd4 Nxd4 41. Nxd4 Bxd4 42. Rxd4 Qc5 43. Rbd1 c3 44. Rc1 Bf5 45. Bd3 Be4 46. Qc2 Rc8 47. Bxe4 dxe4 48. Rxe4 Red8 49. Rf4 Rd2 50. Qb3 Rc7 51. b6 Rb7 52. Rxc3 Qh5 53. Rc1 Qe5 54. Rc7 Rxc7 55. bxc7 Qxc7 56. Qb5 Rd1+ 57. Kh2 Qd8 58. Re4 Kf8 59. Qc5+ Kg8 60. Qb5 Kf8 61. Qb2 Kg8 62. Qb7 Rd5 63. g4 Qd6+ 64. g3 h5 65. gxh5 Rxh5+ 66. Kg2 1-0

[Event "FISU World University-ch 2020"]
[Site "Online"]
[Date "2020.10.26"]
[Round "5.37"]
[White "Sathma, Devni"]
[Black "Abdulla, Abdulrahman Mohammed"]
[Result "0-1"]
[WhiteElo "1299"]
[BlackElo "2178"]
[Annotator "TA"]
[PlyCount "94"]
[EventDate "2020.10.26"]
[SourceTitle "playchess.com"]
[Source "ChessBase"]
[SourceQuality "1"]

1. c4 e6 2. Nc3 d5 3. cxd5 exd5 4. d4 Nf6 5. Nf3 g6 6. Bg5 Bg7 7. e3 O-O 8. Qb3 c6 9. Bd3 Qc7 10. Rc1 Qb6 11. Qxb6 axb6 12. a3 Be6 13. O-O Nbd7 14. Rfe1 c5 15. Bb5 Ne4 16. Bf4 Nxc3 17. Rxc3 Rac8 18. Rec1 Nf6 19. Bd6 Ne4 20. Bxf8 Bxf8 21. R3c2 Bf5 22. Re2 Nd6 23. Ba4 b5 24. Bd1 c4 25. Bc2 Be6 26. Ng5 Bd7 27. Bd1 b4 28. axb4 Nb5 29. b3 c3 30. Nf3 Bxb4 31. Ne5 Bf5 32. Rb2 Ba3 33. Ra2 Bxc1 34. Be2 Na3 35. g4 Bb1 36. Ra1 Bb2 37. Rxb1 Nxb1 38. Nd3 c2 39. Kg2 c1=Q 40. Nxc1 Bxc1 41. Bf3 Rd8 42. h3 Nd2 43. Be2 Nxb3 44. Bf3 Nd2 45. Kg3 Nxf3 46. Kxf3 b5 47. h4 b4 0-1

[Event "FISU World University-ch 2020"]
[Site "Online"]
[Date "2020.10.26"]
[Round "6.1"]
[White "Martirosyan, Haik M."]
[Black "Liu, Yan"]
[Result "1-0"]
[WhiteElo "2622"]
[BlackElo "2524"]
[Annotator "TA"]
[PlyCount "63"]
[EventDate "2020.10.26"]
[SourceTitle "playchess.com"]
[Source "ChessBase"]
[SourceQuality "1"]

1. d4 Nf6 2. Nf3 b6 3. c4 e6 4. Nc3 Bb7 5. Bg5 Bb4 6. e3 h6 7. Bh4 g5 8. Bg3 Ne4 9. Nd2 Bxc3 10. bxc3 Nxd2 11. Qxd2 d6 12. f3 Nd7 13. h4 Rg8 14. hxg5 hxg5 15. a4 a5 16. Kf2 Qe7 17. c5 bxc5 18. Bb5 c6 19. Be2 d5 20. Rab1 Bc8 21. Rh7 Nf8 22. Rh6 c4 23. Rb6 Bd7 24. Qb2 f5 25. Rb8+ Rxb8 26. Qxb8+ Kf7 27. Be5 Rg6 28. Rh1 Be8 29. Bd6 Qf6 30. Qc7+ Kg8 31. Be5 Rg7 32. Rh8+ 1-0

[Event "FISU World University-ch 2020"]
[Site "Online"]
[Date "2020.10.26"]
[Round "6.1"]
[White "Lu, Shanglei"]
[Black "Petrosyan, Manuel"]
[Result "1-0"]
[WhiteElo "2615"]
[BlackElo "2628"]
[Annotator "TA"]
[PlyCount "107"]
[EventDate "2020.10.26"]
[SourceTitle "playchess.com"]
[Source "ChessBase"]
[SourceQuality "1"]

1. e4 e5 2. Nf3 Nc6 3. Bc4 Bc5 4. c3 Nf6 5. d3 d6 6. O-O h6 7. Bb3 O-O 8. Re1 a6 9. h3 Ba7 10. Nbd2 Re8 11. Nf1 Be6 12. Be3 Bxe3 13. Rxe3 Bxb3 14. Qxb3 Qd7 15. Ng3 d5 16. Rae1 dxe4 17. Nxe4 Nxe4 18. Rxe4 Qxd3 19. Qxb7 Qb5 20. Qxb5 axb5 21. Nxe5 Rxe5 22. Rxe5 Nxe5 23. Rxe5 b4 24. Re4 bxc3 25. bxc3 Rxa2 26. Re8+ Kh7 27. Re7 f5 28. Rxc7 f4 29. h4 Kg6 30. Rc5 h5 31. c4 Rc2 32. f3 Kf6 33. Kh2 g6 34. Rc6+ Kf7 35. c5 Kg7 36. Rc7+ Kf6 37. c6 Rc3 38. Rc8 Kg7 39. Kg1 Rc2 40. Kf1 Kh7 41. c7 Kg7 42. Ke1 Rc6 43. Kd2 Rc5 44. Kd3 Rc1 45. Ke4 Rc4+ 46. Kd5 Rc1 47. Ke5 Rc2 48. Kxf4 Rc1 49. g4 Rc4+ 50. Kg3 hxg4 51. f4 Rc1 52. Kxg4 Rc4 53. h5 gxh5+ 54. Kxh5 1-0

[Event "FISU World University-ch 2020"]
[Site "Online"]
[Date "2020.10.26"]
[Round "6.1"]
[White "Lei, Tingjie"]
[Black "Sargsyan, Shant"]
[Result "1-0"]
[WhiteElo "2505"]
[BlackElo "2596"]
[Annotator "TA"]
[PlyCount "87"]
[EventDate "2020.10.26"]
[SourceTitle "playchess.com"]
[Source "ChessBase"]
[SourceQuality "1"]

1. d4 Nf6 2. c4 e6 3. Nf3 d5 4. g3 Bb4+ 5. Bd2 Be7 6. Bg2 O-O 7. O-O Nbd7 8. Qc2 c6 9. Bf4 b6 10. cxd5 cxd5 11. Rc1 Bb7 12. Bc7 Qe8 13. Qb3 Rc8 14. Na3 Nb8 15. Nb5 Ba6 16. Nxa7 Bc4 17. Qxb6 Nbd7 18. Qb7 Ra8 19. Ne5 Bxe2 20. Nec6 Ne4 21. Re1 Bh5 22. Nxe7+ Qxe7 23. Nc6 Qe8 24. f3 Nd2 25. g4 Bg6 26. Bd6 Nc4 27. Ne7+ Kh8 28. Nxg6+ hxg6 29. Bxf8 Nxf8 30. b3 Na3 31. Rac1 Nb5 32. a4 Rb8 33. Qc6 Qxc6 34. Rxc6 Nxd4 35. Rc3 Nd7 36. a5 f6 37. a6 Ne5 38. f4 Nec6 39. f5 gxf5 40. gxf5 Ra8 41. fxe6 Ne7 42. Rc7 Ndc6 43. Rxc6 Nxc6 44. Bxd5 1-0

[Event "FISU World University-ch 2020"]
[Site "Online"]
[Date "2020.10.26"]
[Round "6.1"]
[White "Sargsyan, Anna M."]
[Black "Xu, Minghui"]
[Result "0-1"]
[WhiteElo "2402"]
[BlackElo "2407"]
[Annotator "TA"]
[PlyCount "84"]
[EventDate "2020.10.26"]
[SourceTitle "playchess.com"]
[Source "ChessBase"]
[SourceQuality "1"]

1. d4 d5 2. c4 dxc4 3. Nf3 Nf6 4. e3 e6 5. Bxc4 c5 6. O-O a6 7. Nbd2 Nc6 8. dxc5 Bxc5 9. Qe2 O-O 10. b3 b5 11. Bd3 Bb7 12. Bb2 Nd5 13. Rac1 Be7 14. Rfd1 Qb6 15. a4 bxa4 16. Nc4 Qa7 17. bxa4 Rad8 18. Nd4 Bf6 19. Nb3 Ncb4 20. Bb1 Bc6 21. e4 Nf4 22. Qf3 Bxb2 23. Nxb2 e5 24. Nc5 Qe7 25. g3 Rxd1+ 26. Qxd1 Ne6 27. Nxe6 Qxe6 28. Qd2 Rb8 29. Rc4 a5 30. Rc5 Be8 31. Bd3 Nc6 32. Bf1 Nd4 33. Qc3 Rb3 34. Qc1 Rb8 35. Rxa5 Nb3 36. Qc7 Rc8 37. Qxe5 Nxa5 38. Qxa5 Qxe4 39. Qa6 Rb8 40. Nd3 Bc6 41. f4 Qe3+ 42. Nf2 Rb2 0-1

[Event "FISU World University-ch 2020"]
[Site "Online"]
[Date "2020.10.26"]
[Round "6.2"]
[White "Muthaiah AL"]
[Black "Tan, Li Ting"]
[Result "1-0"]
[WhiteElo "2400"]
[BlackElo "2087"]
[Annotator "TA"]
[PlyCount "105"]
[EventDate "2020.10.26"]
[SourceTitle "playchess.com"]
[Source "ChessBase"]
[SourceQuality "1"]

1. Nf3 d5 2. g3 Nf6 3. Bg2 Nbd7 4. d4 c5 5. O-O e6 6. c4 Be7 7. Nc3 dxc4 8. Qa4 O-O 9. dxc5 Nxc5 10. Qxc4 a6 11. Rd1 Qe8 12. a4 b5 13. Qf4 Bb7 14. axb5 axb5 15. Rxa8 Bxa8 16. Be3 Nd5 17. Nxd5 Bxd5 18. Ne5 Bxg2 19. Kxg2 Qa8+ 20. Qf3 Na4 21. b3 Qxf3+ 22. Kxf3 Nc3 23. Rd7 Nd5 24. Bd4 f6 25. Nc6 Ba3 26. e4 Nb4 27. Nxb4 Bxb4 28. Rb7 Rd8 29. Be3 Rd3 30. Rxb5 Be7 31. Ke2 Rd7 32. Rb8+ Kf7 33. b4 Bd6 34. Rb6 Ke7 35. b5 Rc7 36. Kd3 Kd7 37. Ra6 Rb7 38. Ra7 Rxa7 39. Bxa7 Kc7 40. Kc4 Kb7 41. Bd4 Kc7 42. f4 Kb7 43. f5 exf5 44. exf5 Bc7 45. Kd5 g6 46. fxg6 hxg6 47. Bxf6 Kb6 48. Kc4 Kb7 49. Bd4 g5 50. Kd5 Bd8 51. Ke6 Ka8 52. Kf5 Kb7 53. Be3 1-0

[Event "FISU World University-ch 2020"]
[Site "Online"]
[Date "2020.10.26"]
[Round "6.2"]
[White "Michelle Catherina, P."]
[Black "Mohd Saprin, Amir Ghaazi"]
[Result "*"]
[WhiteElo "2176"]
[BlackElo "1951"]
[Annotator "TA"]
[PlyCount "73"]
[EventDate "2020.10.26"]
[SourceTitle "playchess.com"]
[Source "ChessBase"]
[SourceQuality "1"]

1. e4 e5 2. Nc3 Nf6 3. g3 Nc6 4. Bg2 Bc5 5. Nge2 a6 6. d3 d6 7. h3 O-O 8. O-O Kh8 9. Kh2 Ng8 10. f4 f5 11. exf5 exf4 12. Bxf4 Bxf5 13. d4 Ba7 14. Nd5 Qd7 15. Qd2 Rae8 16. c3 Be4 17. Rae1 Bxg2 18. Kxg2 Nce7 19. Nxe7 Nxe7 20. Nc1 Ng6 21. Nd3 d5 22. Bg5 c6 23. h4 Bb8 24. Rxf8+ Rxf8 25. Qe2 Qf5 26. a4 h6 27. Bc1 Bd6 28. h5 Ne7 29. Bf4 Bxf4 30. Nxf4 Rf7 31. a5 Kh7 32. Qe3 Qg5 33. Kh2 Nf5 34. Qd3 Kg8 35. Re8+ Kh7 36. Re5 Qg4 37. Rxf5 *